000 01128nam a2200313 u 4500
001 000020767
003 DO-SdBNP
005 20230206132822.0
007 ta
008 090706s2016 dr r 000 0 spa d
020 _a9789945481716
040 _aDO-SdBNP
_bspa
_cBNPHU
049 _aBNPD
082 4 _a346.04377
_bG993r
_222
100 1 _aGuzmán Bencosme, Juan Luis,
_c1965-
_99634
245 1 3 _aEl registrador de títulos en perspectiva /
_cJuan Luis Bencosme Guzmán ; prólogo Víctor Santana Polanco.
250 _a3a. ed.
260 _aSanto Domingo :
_bCentenario,
_c2016.
300 _a380 p. ;
_c24 cm.
500 _aIncluye datos biográficos del autor en la contracubierta
504 _aBibliografía : p. 377-380
504 _aIncluye referencias bibliográficas y notas al pie de las páginas
590 _aLa biblioteca posee un ej. autográfiado
590 _aInventariado, 2023/BT
650 4 _aPropiedad de la tierra
_xLegislación
_zRepública Dominicana
_99635
650 4 _aEscritura de propiedades de tierras
_99636
700 1 _aSantana Polanco, Víctor,
_epról.
_99637
942 _2ddc
_cLBS1
999 _c20271
_d20271